| 000 | 00765nam a2200217Ia 4500 | ||
|---|---|---|---|
| 999 |
_c38973 _d38973 |
||
| 001 | 5431 | ||
| 003 | GE_BSU | ||
| 005 | 20221031155805.0 | ||
| 008 | 181216s2012ru xx |||||||||||||| ||rus|| | ||
| 040 | _cGE_BSU | ||
| 041 | _arus | ||
| 080 | _a343+343.237 Ц-40 | ||
| 100 |
_aЦеретели,Т.В. _915671 |
||
| 245 |
_aПричинная связь в уголовном праве _c3 т / _bТ.В. Церетели. |
||
| 264 |
_aТбилиси : _bМеридиани, _c2012. |
||
| 300 |
_a703 стр.: _b22 см. |
||
| 653 | _aПричинная связь в уголовном праве | ||
| 653 | _aმიზეზობრიობა სისხლის სამართალში | ||
| 653 | _aსამართალი | ||
| 942 |
_cBK _2udc |
||